Normal view
MARC view
Entry Personal Name
001 - CONTROL NUMBER
- control field: 11477
003 - CONTROL NUMBER IDENTIFIER
- control field: OSt
005 - DATE AND TIME OF LATEST TRANSACTION
- control field: 20170131143535.0
008 - FIXED-LENGTH DATA ELEMENTS
- fixed length control field: 170131|| aca||aabn | a|a d
040 ## - CATALOGING SOURCE
- Original cataloging agency: OSt
- Transcribing agency: OSt
100 ## - HEADING--PERSONAL NAME
- Personal name: Snow, James B.; Wackym, P. Ashley
670 ## - SOURCE DATA FOUND
- Source citation: Work cat.: (OSt): Snow, James B.; Wackym, P. Ashley, Ballenger's Otorhinolaryngology 17 Head and Neck Surgery
